Daylight Science and Daylighting Technology /

Gespeichert in:
Bibliographische Detailangaben
Hauptverfasser: Kittler, Richard (Verfasst von), Kocifaj, Miroslav (Verfasst von), Darula, Stanislav, 1953- (Verfasst von)
Format: Buch
Sprache:Englisch
Veröffentlicht: New York: Springer, 2012
Schriftenreihe:Physics
Schlagworte:
Tags: Tag hinzufügen
Keine Tags, Fügen Sie das erste Tag hinzu!

MARC

LEADER 00000nam a22000003a 4500
001 0091832
003 SK-STU
005 20211129111630.2
007 ta
008 211129s ----xo-----e------000-0-----d
020 |a 978-1-4419-8815-7 
040 |a STU  |b slo 
041 0 |a eng  |h eng 
044 |a xxu 
100 1 |a Kittler, Richard  |4 aut 
245 1 0 |a Daylight Science and Daylighting Technology /  |c aut. Richard Kittler, Miroslav Kocifaj, Stanislav Darula 
260 |a New York:  |b Springer,  |c 2012 
300 |a 341 s. 
490 0 |a Physics 
650 0 7 |a daylight 
650 0 7 |a Photometry 
650 0 7 |a sky luminance 
650 0 7 |a Visual perception 
700 1 |a Kocifaj, Miroslav  |4 aut 
700 1 |a Darula, Stanislav,  |d 1953-  |4 aut  |X 1622  |7 A000001622 
996 |c V* 53225/O-24385  |l VV8  |s P  |a 0  |w 0091832_0001